Т. 2; Курс французского языка

Bibliographic Details
Parent link:Курс французского языка: В 4-х томах/ Г. Може. Т. 2.— Русифицированное изд..— , 2000
Language:French
Russian
Published: 2000
Subjects:
Format: Book
KOHA link:https://koha.lib.tpu.ru/cgi-bin/koha/opac-detail.pl?biblionumber=27645

MARC

LEADER 00000nam0a2200000 4500
001 27645
005 20231101205816.0
010 |a 5811400934 
035 |a (RuTPU)RU\TPU\book\27898 
035 |a BOOK00027973 
090 |a 27645 
100 |a 20011209d2000 m y0frey50 ba 
101 0 |a fre  |a rus 
102 |a RU 
105 |a y j 000zy 
200 0 |a Т. 2 
210 |d 2000 
215 |a 318 с. 
461 |t Курс французского языка  |o В 4-х томах  |f Г. Може  |v Т. 2  |e Русифицированное изд.  |d 2000  |s Учебник для вузов. Специальная литература 
606 1 |a Французский язык  |x Учебные руководства и пособия для вузов  |2 stltpush  |3 (RuTPU)RU\TPU\subj\16836  |9 42736 
610 1 |a учебные пособия 
610 1 |a лексика 
610 1 |a грамматика 
610 1 |a разговорная речь 
686 |a Ш147.11-923  |v LBC/SL-A  |2 rubbk 
801 0 |a RU  |b 63413507  |c 20011209  |g PSBO 
801 2 |a RU  |b 63413507  |c 20161102  |g PSBO 
942 |c BK